Statistics for State Flags Trivia

Click here to take the quiz!

General Stats

  • This quiz has been taken 26 times
  • The average score is 5 of 10

Answer Stats

Answer% Correct
Ohio
74%
Hawaii
70%
Washington
65%
Oregon
61%
Maryland
57%
New Mexico
52%
Alabama
48%
California
30%
Florida
30%
Nebraska
22%

Score Distribution

Percentile by Number Answered

Percent of People with Each Score

Your Score History

You have not taken this quiz